| 000 | 00914nam a22002417a 4500 | ||
|---|---|---|---|
| 001 | 79665 | ||
| 003 | BD-RjUL | ||
| 005 | 20230130100226.0 | ||
| 008 | 220405s1995 bg a|||| m||| 00| 0 eng d | ||
| 035 | _a(BD-RjUL)79665 | ||
| 040 |
_aBD-RjUL _beng _cBD-RjUL _dBD-RjUL |
||
| 041 | _aeng | ||
| 082 |
_223 _a388.154924 _bKHR 1995 |
||
| 100 |
_aKhatun, MST. Tajkera _91503 |
||
| 245 | 1 | 0 |
_aRoad transport system of greater Rajshahi District : _bA Geographical analysis / _cMST. Tajkera Khatun ; _6Supervisor : Jafar, Reza Khan |
| 260 |
_aRajshahi : _bDepartment of Geography, University of Rajshahi, _c1995 |
||
| 300 |
_aiv, 120 leaves : _bill, ; _c29.cm. |
||
| 502 | _aThesis (M. Phil.) -- Department of Geography, University of Rajshahi, 1995 | ||
| 504 | _aReferences : Leaves 16 - 21 | ||
| 650 |
_aRoad _92260 _vTrasport _zBangladesh, Rajsahi |
||
| 700 |
_a Khan, Jafar, Reza, Supervisor _92261 |
||
| 942 |
_2ddc _cTHE |
||
| 999 |
_c79665 _d79665 |
||